Code of standard practice for steel buildings and bridges
Saved in:
| Format: | Bog |
|---|---|
| Sprog: | engelsk |
| Udgivet: |
Chicago
American Institute of Steel Construction
2000
|
| Fag: | |
| Tags: |
Tilføj Tag
Ingen Tags, Vær først til at tagge denne postø!
|
MARC
| LEADER | 00000nam a2200000 a 4500 | ||
|---|---|---|---|
| 001 | UCN1088 | ||
| 003 | CL-VaPUC | ||
| 008 | 010420e20000000US |||||||||||||||||eng|d | ||
| 082 | 0 | 4 | |a 624.182 |b COD |2 21 |
| 245 | 1 | 0 | |a Code of standard practice for steel buildings and bridges |
| 300 | |a 81 p | ||
| 942 | |c BK | ||
| 945 | |d 20010420 00:00:00 |a cmena | ||
| 260 | |a Chicago |b American Institute of Steel Construction |c 2000 | ||
| 650 | 7 | |a DISEÑO ESTRUCTURAL DE METALES |2 CL-VaPUC |9 456484 | |
| 650 | 0 | |a Normalización |9 262666 | |
| 650 | 7 | |a NORMAS AISC |2 CL-VaPUC |9 456485 | |
| 650 | 0 | |a Edificios |9 260501 | |
| 650 | 0 | |a Puentes |9 268175 | |
| 583 | |a last modification |c 20010420 00:00:00 |k Rodrigo Vera | ||
| 999 | |c 294673 |d 294671 | ||
| 952 | |0 0 |1 0 |4 0 |6 624_182000000000000_COD_2000 |7 0 |8 F |9 347327 |a BIBING |b BIBING |d 2019-11-20 |i 3710327 |o 624.182 COD 2000 |p 3710327 |r 2025-01-20 |w 2019-11-20 |y BK_F |k CCL | ||
| 952 | |0 0 |1 0 |4 0 |6 624_182000000000000_COD_2000 |7 0 |8 F |9 347328 |a BIBING |b BIBING |d 2019-11-20 |i 3710270 |o 624.182 COD 2000 |p 3710270 |r 2025-01-20 |w 2019-11-20 |y BK_F |k CCL | ||